[Event "WA Premier"]
[Site "Redmond"]
[Date "2009.02.08"]
[Round "3"]
[White "Lee Nathan"]
[Black "Xing Kerry"]
[Result "0-1"]
[WhiteElo "1810"]
[BlackElo "2027"]
[Annotator ""]
[Source ""]
[Remark ""]

1.e4 e6 2.d4 d5 3.e5 c5 4.c3 Nc6 5.Nf3 Qb6 6.a3 c4 7.Nbd2 f6
8.exf6 Nxf6 9.g3 Bd6 10.Bg2 O-O 11.O-O e5 12.dxe5 Bxe5 13.h3
Bxg3 14.Qc2 Nh5 15.Nxc4 dxc4 16.Be3 Qc7 17.fxg3 Bf5 18.Qd2 Nxg3
19.Rfd1 Bd3 20.Nd4 Nxd4 21.cxd4 Ne2+ 22.Kh1 Rae8 23.Re1 Qg3 24.Rxe2
Bxe2 25.Qxe2 Qxe3 26.Qxc4+ Kh8 27.d5 Qd2 28.b4 Rc8 29.Qe4 Rc1+
30.Rxc1 Qxc1+ 31.Kh2 Qf4+ 32.Qxf4 Rxf4 33.Kg3 Rf6 34.b5 b6 35.Bf3
Kg8 36.Kf2 Kf8 37.Ke3 Ke7 38.Be4 h6 39.h4 Kd6 40.Kd4 Rf4 41.h5
Rh4 42.a4 Rxh5 43.Bf3 Rh4+ 44.Be4 g5 45.Ke3 Ke5 46.Bf3 Rxa4 0-1

[Event "WA Premier"]
[Site "Redmond"]
[Date "2009.02.08"]
[Round "3"]
[White "Cloy Elston"]
[Black "Pupols Viktors"]
[Result "0-1"]
[WhiteElo "1961"]
[BlackElo "2200"]
[Annotator ""]
[Source ""]
[Remark ""]

1.d4 Nf6 2.c4 g6 3.Nc3 Bg7 4.e4 O-O 5.Nf3 d6 6.Be2 e5 7.O-O Nbd7
8.Re1 c6 9.Bf1 Re8 10.d5 Qe7 11.Nd2 Kh8 12.b4 c5 13.a3 Ng8 14.Nb3
b6 15.Ra2 Qd8 16.Nb5 Ndf6 17.bxc5 bxc5 18.Bd2 Rf8 19.Na5 Ne8
20.Nc6 Qd7 21.a4 f5 22.Bd3 fxe4 23.Bxe4 Ne7 24.Nxe7 Qxe7 25.f3
Bf5 26.Nc3 Nc7 27.Rb2 Na6 28.Nb5 Rf7 29.Qc2 Raf8 30.Qc1 Rc8 31.Qc2
Qf8 32.Qc1 Rb7 33.Qc2 Nb4 34.Qb1 a5 35.Qd1 Rd7 36.Qc1 Bxe4 37.Bxb4
cxb4 38.fxe4 Bh6 39.Qd1 Rxc4 40.Rf1 Qc8 41.Kh1 Rc1 42.Qe2 Rf7
43.Re1 Qc4 44.h3 Rxe1+ 45.Qxe1 Rf1+ 46.Qxf1 Qxf1+ 47.Kh2 Be3
48.h4 Bg1+ 49.Kh3 Bc5 50.Nc7 Qd3+ 51.g3 Qxe4 0-1

[Event "WA Premier"]
[Site "Redmond"]
[Date "2009.02.08"]
[Round "3"]
[White "Smith Allen"]
[Black "Bartron Paul"]
[Result "0-1"]
[WhiteElo "2025"]
[BlackElo "2131"]
[Annotator ""]
[Source ""]
[Remark ""]

1.e4 c5 2.d3 g6 3.g3 Bg7 4.Bg2 e6 5.f4 Ne7 6.Nf3 d6 7.O-O Nbc6
8.c3 b5 9.Be3 b4 10.d4 cxd4 11.cxd4 Ba6 12.Re1 Rb8 13.f5 gxf5
14.exf5 Nxf5 15.d5 Nxe3 16.Rxe3 Qb6 17.Kh1 Qxe3 18.dxc6 O-O 19.Nbd2
Bxb2 20.Rb1 Bc3 21.Nb3 Be2 22.Qc1 Qxc1+ 23.Rxc1 Rfc8 24.Nfd4
Bc4 25.Na5 Bxa2 0-1

[Event "WA Premier"]
[Site "Redmond"]
[Date "2009.02.08"]
[Round "4"]
[White "Guo Alex"]
[Black "Lee Nathan"]
[Result "1-0"]
[WhiteElo "2071"]
[BlackElo "1810"]
[Annotator ""]
[Source ""]
[Remark ""]

1.c4 e6 2.Nc3 d5 3.d4 Nf6 4.Nf3 c6 5.Bg5 Nbd7 6.e3 Be7 7.Bd3
dxc4 8.Bxc4 b5 9.Bd3 a6 10.O-O c5 11.Qe2 O-O 12.Rad1 c4 13.Bc2
Bb7 14.e4 Nb6 15.a3 Re8 16.Rfe1 Nfd7 17.Bxe7 Qxe7 18.e5 Bc6 19.Ne4
Bxe4 20.Qxe4 Nf8 21.h4 h6 22.Nd2 Nd5 23.Qg4 c3 24.Ne4 cxb2 25.Nd6
Red8 26.Rd3 f5 27.Qd1 Rdb8 28.Qb1 Qxh4 29.Qxb2 Nd7 30.Rg3 Rf8
31.Bb3 N7b6 32.Qd2 Kh7 33.Rc1 Qe7 34.Qa5 Qd7 35.Rf3 h5 36.Rc5
g5 37.Rfc3 Ra7 38.Rc2 Rb8 39.Rc6 Rc7 40.Bxd5 Rxc6 41.Bxc6 Qe7
42.Qxa6 Nc4 43.Bxb5 Nxd6 44.exd6 Qf8 45.Rc7+ Kh8 46.d7 1-0

[Event "WA Premier"]
[Site "Redmond"]
[Date "2009.02.08"]
[Round "4"]
[White "Kelley Dereque"]
[Black "MacGregor Michael"]
[Result "0-1"]
[WhiteElo "2121"]
[BlackElo "2200"]
[Annotator ""]
[Source ""]
[Remark ""]

1.c4 c6 2.d4 d5 3.Nc3 Nf6 4.e3 g6 5.Nf3 Bg7 6.h3 O-O 7.Bd3 c5
8.O-O cxd4 9.exd4 Nc6 10.a3 h6 11.Bf4 Kh7 12.Bh2 dxc4 13.Bxc4
a6 14.d5 Na5 15.Ba2 b5 16.d6 e6 17.Qe2 Bb7 18.Rad1 Nd7 19.Ne5
Nc6 20.f4 Rc8 21.Bb1 f5 22.Nxg6 Nd4 23.Nxf8+ Nxf8 24.Qf2 Qxd6
25.Kh1 Qc6 26.Bg1 Ng6 27.Qg3 Rg8 28.Rc1 Nxf4 29.Rxf4 Be5 30.Ne4
Qxc1 31.Rg4 Qxg1+ 32.Kxg1 Ne2+ 33.Kf2 Bxg3+ 34.Nxg3 Nxg3 35.Rxg3
Rxg3 36.Kxg3 Kg7 0-1

[Event "WA Premier"]
[Site "Redmond"]
[Date "2009.02.08"]
[Round "4"]
[White "Xing Kerry"]
[Black "Cloy Elston"]
[Result "1-0"]
[WhiteElo "2027"]
[BlackElo "1961"]
[Annotator ""]
[Source ""]
[Remark ""]

1.d4 d5 2.c4 c6 3.Nf3 Nf6 4.Nc3 e6 5.e3 Nbd7 6.Qc2 Bd6 7.b3 O-O
8.Bd3 dxc4 9.bxc4 e5 10.O-O Re8 11.Bb2 Qe7 12.Nd2 Nf8 13.Nce4
Nxe4 14.Nxe4 Bc7 15.Ng3 Qh4 16.d5 e4 17.Be2 cxd5 18.cxd5 Bd6
19.Rfd1 Bd7 20.Rac1 Ng6 21.Bd4 b6 22.Bb2 f5 23.Qb3 f4 24.exf4
Nxf4 25.Bf1 e3 26.fxe3 Nh5 27.Rd4 Qg5 28.Nxh5 Qxh5 29.g3 Qf3
30.Rd3 Rf8 31.Bg2 Qe2 32.Qc2 Qh5 33.e4 Bc5+ 34.Bd4 Rac8 35.Bxc5
Rxc5 36.Qd2 Rxc1+ 37.Qxc1 Qe5 38.Qc3 Qg5 39.Qd2 Qf6 40.Re3 Qa1+
41.Re1 Qe5 42.Rb1 Bg4 43.Qb2 Qg5 44.Re1 Qh5 45.e5 Bf3 46.d6 Bxg2
47.Qxg2 Qf7 48.e6 Qf5 49.e7 Re8 50.Qc6 1-0

[Event "WA Premier"]
[Site "Redmond"]
[Date "2009.02.08"]
[Round "4"]
[White "Pupols Viktors"]
[Black "Smith Allen"]
[Result "1-0"]
[WhiteElo "2200"]
[BlackElo "2025"]
[Annotator ""]
[Source ""]
[Remark ""]

1.e4 c5 2.d3 Nc6 3.g3 g6 4.Bg2 Bg7 5.f4 e6 6.Nf3 Nge7 7.O-O d6
8.h3 O-O 9.Nbd2 b5 10.Re1 Rb8 11.Nf1 b4 12.g4 f5 13.Ng3 e5 14.gxf5
exf4 15.Bxf4 Bxb2 16.Bh6 Bg7 17.Bxg7 Kxg7 18.Qc1 Ng8 19.Rf1 Ne5
20.Nxe5 dxe5 21.Kh2 Rb7 22.Qe3 Rc7 23.fxg6 hxg6 24.Rxf8 Kxf8
25.Ne2 Qh4 26.Kg1 Kg7 27.c3 Nf6 28.Rc1 bxc3 29.Rxc3 Qe1+ 30.Bf1
Nh5 31.Rc1 Qh4 32.Rxc5 Rf7 33.Bg2 Qe1+ 34.Kh2 Be6 35.Rxe5 Rf2
36.Rxe6 Rxe2 37.Qxa7+ Kh6 38.Qe7 Qg3+ {%02'time'} {%30^030} 1-0

[Event "WA Premier"]
[Site "Redmond"]
[Date "2009.02.08"]
[Round "4"]
[White "Gale Geoffrey"]
[Black "Bartron Paul"]
[Result "0-1"]
[WhiteElo "2038"]
[BlackElo "2131"]
[Annotator ""]
[Source ""]
[Remark ""]

1.e4 Nf6 2.e5 Nd5 3.d4 d6 4.Nf3 Bg4 5.Be2 e6 6.h3 Bh5 7.c4 Nb6
8.Nc3 Nc6 9.exd6 cxd6 10.Be3 Be7 11.a4 d5 12.c5 Nd7 13.Bf4 Bxf3
14.Bxf3 b6 15.Nb5 O-O 16.Bc7 Qc8 17.cxb6 Bb4+ 18.Kf1 Nxb6 19.Rc1
Qd7 20.Bf4 Rfc8 21.g3 a6 22.Nc3 Nc4 23.b3 N4a5 24.Kg2 Ba3 25.Rc2
Nb4 26.Bd2 Nxc2 27.Qxc2 Nc6 28.Qd3 Nb4 29.Qe2 Bb2 30.Nd1 Ba3
31.Bxb4 Bxb4 32.Ne3 Bc3 33.Qd3 Bb4 34.Ng4 Rc3 35.Qd2 Rxb3 36.Qg5
Be7 37.Qh5 Qxa4 38.Bd1 Rc8 39.Re1 Qb4 40.Rxe6 fxe6 41.Ne5 Rf8
42.Bc2 Rxg3+ 43.Kxg3 Qc3+ 44.Bd3 g6 45.Qg4 Rf5 46.Qe2 Bd6 47.Kg2
Rf4 48.Nf3 Qc8 49.Bxa6 Qd7 50.Bd3 Qe7 51.Ba6 Qf6 52.Bc8 Re4 53.Qb5
Qe7 54.Qc6 h6 55.Ba6 Kg7 56.Bd3 Rf4 57.Qc2 Bb8 58.Qe2 Ba7 59.Qe5+
Qf6 0-1

[Event "WA Premier"]
[Site "Redmond"]
[Date "2009.02.14"]
[Round "5"]
[White "Cloy Elston"]
[Black "Guo Alex"]
[Result "0-1"]
[WhiteElo "1961"]
[BlackElo "2071"]
[Annotator ""]
[Source ""]
[Remark ""]

1.Nc3 d5 2.e4 d4 3.Nce2 e5 4.Ng3 g6 5.Bc4 Nc6 6.d3 Bg7 7.N1e2
h5 8.c3 h4 9.Nf1 Qf6 10.cxd4 exd4 11.f4 a6 12.g3 Nh6 13.Nd2 Bg4
14.O-O O-O 15.a3 a5 16.Rb1 Rfe8 17.e5 Qf5 18.Ne4 Qh5 19.Rf2 Rad8
20.Qe1 Be6 21.Bxe6 fxe6 22.b4 Ng4 23.bxa5 Nxf2 24.Qxf2 Rf8 25.Rxb7
Nxe5 26.Rxc7 Nxd3 27.Qf1 Nxc1 28.Nxc1 Qxa5 29.Rc5 Qxa3 30.Qh3
Qe3+ 31.Nf2 d3 32.Re5 Qxc1+ 33.Kg2 Qc6+ 34.Re4 Rd6 35.Qg4 d2
36.Qxg6 Rf6 37.Qg4 d1Q 0-1

[Event "WA Premier"]
[Site "Redmond"]
[Date "2009.02.14"]
[Round "5"]
[White "Lee Nathan"]
[Black "Kelley Dereque"]
[Result "1/2-1/2"]
[WhiteElo "1810"]
[BlackElo "2121"]
[Annotator ""]
[Source ""]
[Remark ""]

1.e4 e5 2.Nf3 Nf6 3.Nxe5 d6 4.Nf3 Nxe4 5.Nc3 Nxc3 6.dxc3 Be7
7.Bf4 O-O 8.Qd2 Nd7 9.O-O-O Nc5 10.Be3 Be6 11.Kb1 Ne4 12.Qe1
Nf6 13.Nd4 Bd7 14.Bd3 Re8 15.Qd2 Nd5 16.Bf4 Nxf4 17.Qxf4 Bg5
18.Qg3 Qf6 19.Ne2 Bh4 20.Qf4 Qxf4 21.Nxf4 Bxf2 22.Rhf1 Bg4 23.Nd5
Bxd1 24.Nxc7 Be2 25.Rxf2 Bxd3 26.Nxe8 Bxc2+ 27.Kxc2 Rxe8 28.Kd3
Re5 29.c4 f5 30.Kd4 g5 31.b4 b6 32.Rc2 Kf7 33.Kd3 Ke6 34.Rc3
f4 35.Kd2 Re4 36.a3 g4 37.a4 Ke5 38.c5 bxc5 39.bxc5 d5 40.c6
Rd4+ 41.Ke2 f3+ 42.gxf3 gxf3+ 43.Kxf3 Rf4+ 1/2-1/2

[Event "WA Premier"]
[Site "Redmond"]
[Date "2009.02.14"]
[Round "5"]
[White "MacGregor Michael"]
[Black "Gale Geoffrey"]
[Result "1/2-1/2"]
[WhiteElo "2200"]
[BlackElo "2038"]
[Annotator ""]
[Source ""]
[Remark ""]

1.e4 c5 2.Nf3 Nc6 3.d4 cxd4 4.Nxd4 Nf6 5.Nc3 e5 6.Ndb5 d6 7.Bg5
a6 8.Na3 b5 9.Nd5 Be7 10.Bxf6 Bxf6 11.c3 O-O 12.Nc2 Rb8 13.Bd3
Be6 14.h4 Be7 15.Nce3 Qd7 16.a4 Bd8 17.axb5 axb5 18.Qe2 Bxd5
19.Nxd5 Ne7 20.g4 Qb7 21.Qf3 Nxd5 22.exd5 b4 23.h5 bxc3 24.bxc3
Qb2 25.O-O Qd2 26.Ra6 Bb6 27.Rd1 Qh6 28.Kg2 Bc5 29.Ra2 Rb3 30.Rh1
Qg5 31.Bc2 Rb7 32.Qf5 Qxf5 33.Bxf5 Rb3 34.Rh3 Rfb8 35.Rd3 g6
36.Be4 Kg7 37.Rf3 R8b7 38.Rd3 Kh6 39.hxg6 hxg6 40.Rf3 Kg7 41.Rd3
Kh6 42.Rf3 Kg5 43.Kg3 Ba3 44.Ra1 Bb2 45.Rb1 Bxc3 46.Rxb3 Rxb3
47.Rxf7 Bd2+ 48.f3 Bf4+ 49.Kf2 Rb2+ 50.Ke1 Be3 51.Rg7 Bc5 52.Rxg6+
Kf4 53.Rf6+ Ke3 54.Kf1 Rf2+ 55.Kg1 Ke2 56.Kh1 Be3 57.Rxd6 Rf1+
58.Kg2 Rg1+ 59.Kh2 Kf2 60.g5 Bxg5 61.Ra6 Rg2+ 62.Kh1 Rg1+ 63.Kh2
Rg2+ 64.Kh1 Rg1+ 65.Kh2 1/2-1/2

[Event "WA Premier"]
[Site "Redmond"]
[Date "2009.02.14"]
[Round "5"]
[White "Smith Allen"]
[Black "Xing Kerry"]
[Result "0-1"]
[WhiteElo "2025"]
[BlackElo "2027"]
[Annotator ""]
[Source ""]
[Remark ""]

1.e4 e6 2.d4 d5 3.Nc3 Bb4 4.Nge2 dxe4 5.a3 Be7 6.Nxe4 Nf6 7.Qd3
Nbd7 8.N2c3 O-O 9.Be2 b6 10.Qg3 Nxe4 11.Nxe4 Bh4 12.Qf4 Bb7 13.O-O
Be7 14.Bf3 Bd5 15.b3 Nf6 16.c4 Bxe4 17.Bxe4 Nxe4 18.Qxe4 Bf6
19.Be3 c5 20.Rad1 cxd4 21.Bxd4 Qe7 22.Bxf6 Qxf6 23.Rd7 Qb2 24.Rfd1
Qxb3 25.Qb7 h6 26.c5 Rfb8 27.Qc7 bxc5 28.Qxc5 a5 29.h3 Rb5 30.Qe7
Rf5 31.R1d2 Qc3 32.R7d3 Qe5 33.Re3 Qc5 34.Qxc5 Rxc5 35.Rd7 Rf5
36.Rb3 Rc8 37.g4 Rf4 38.Ra7 Rc2 39.f3 Rd4 40.Rb1 a4 41.Rab7 Rd3
42.Ra1 Rxf3 43.Rb4 Rg3+ 0-1

[Event "WA Premier"]
[Site "Redmond"]
[Date "2009.02.14"]
[Round "5"]
[White "Bartron Paul"]
[Black "Pupols Viktors"]
[Result "0-1"]
[WhiteElo "2131"]
[BlackElo "2200"]
[Annotator ""]
[Source ""]
[Remark ""]

1.e4 e5 2.Nf3 Nc6 3.Bb5 a6 4.Ba4 Nf6 5.O-O Be7 6.Re1 b5 7.Bb3
O-O 8.a4 Bb7 9.c3 d6 10.d4 h6 11.axb5 axb5 12.Rxa8 Qxa8 13.d5
Nb8 14.Nh4 Nbd7 15.Nf5 Re8 16.f3 Nf8 17.Na3 Ba6 18.Nc2 Ng6 19.Nb4
Bf8 20.Qd3 Qb7 21.Bc2 Nd7 22.Qf1 Nc5 23.h4 Ra8 24.Be3 Ne7 25.g4
Qc8 26.Ra1 Bb7 27.Kh2 Qe8 28.Rxa8 Bxa8 29.Qa1 Nxf5 30.gxf5 c6
31.Qa7 cxd5 32.Nxd5 Bxd5 33.exd5 Be7 34.b4 Nd7 35.Bd3 Nf6 36.Qb7
e4 37.Bxb5 Qd8 38.Bb6 Qf8 39.Be2 Bd8 40.Bxd8 Qxd8 41.Kh3 Nh5
42.Bd1 Qe8 43.fxe4 Nf4+ 44.Kg4 Qxe4 45.Qc8+ Kh7 46.Bf3 Qe5 47.Qc4
h5+ 48.Kg3 Qe1+ 0-1

[Event "WA Premier"]
[Site "Redmond"]
[Date "2009.02.14"]
[Round "6"]
[White "Guo Alex"]
[Black "Smith Allen"]
[Result "0-1"]
[WhiteElo "2071"]
[BlackElo "2025"]
[Annotator ""]
[Source ""]
[Remark ""]

1.c4 c6 2.e4 d5 3.cxd5 cxd5 4.exd5 Nf6 5.Nc3 Nxd5 6.d4 Nc6 7.Bc4
Nb6 8.Bb5 a6 9.Bxc6+ bxc6 10.Bg5 g6 11.Nge2 Bg7 12.O-O O-O 13.Rc1
Bb7 14.Na4 Nxa4 15.Qxa4 Rc8 16.Rc5 Rc7 17.Bd2 Rd7 18.Ba5 Qb8
19.f4 Qd6 20.Rd1 Qe6 21.Kf2 Qe4 22.Qc4 Rd6 23.Qd3 Qe6 24.a3 Qd7
25.b4 f5 26.Qb3+ Kh8 27.Bb6 Rff6 28.Rc3 Rfe6 29.Bc5 Rd5 30.Rcd3
Re4 31.g3 a5 32.Nc3 Ba6 33.Nxe4 fxe4 34.Re3 Bxd4 35.Bxd4+ Rxd4
36.Qc3 e5 37.Rxd4 exd4 38.Qb2 Qd5 39.Re1 Kg8 40.Kg1 e3 41.bxa5
Qf3 42.Qg2 Qxg2+ 43.Kxg2 Kf7 44.Kf3 Ke6 45.Ke4 c5 46.Rb1 e2 47.Rb6+
Kd7 48.Rb1 d3 49.Ke3 Kd6 50.Kd2 c4 51.g4 Kd5 52.Kc3 Ke4 53.f5
gxf5 54.gxf5 Kxf5 55.Kd2 Ke4 56.Rg1 Kf3 57.Rc1 Kf2 0-1

[Event "WA Premier"]
[Site "Redmond"]
[Date "2009.02.14"]
[Round "6"]
[White "Kelley Dereque"]
[Black "Cloy Elston"]
[Result "1-0"]
[WhiteElo "2121"]
[BlackElo "1961"]
[Annotator ""]
[Source ""]
[Remark ""]

1.d4 Nf6 2.Nf3 e6 3.c4 c5 4.d5 exd5 5.cxd5 d6 6.Nc3 g6 7.Nd2
Bg7 8.e4 O-O 9.Be2 a6 10.a4 Nbd7 11.O-O Rb8 12.Re1 Ne8 13.Kh1
Nc7 14.Nc4 Ne5 15.Nxe5 Bxe5 16.f4 Bd4 17.a5 b5 18.axb6 Rxb6 19.Bf3
Re8 20.Be3 Bxe3 21.Rxe3 Rxb2 22.e5 dxe5 23.fxe5 Qg5 24.Qe1 Nb5
25.Ne4 Qd8 26.Nf6+ Kg7 27.Nxe8+ Qxe8 28.Qh4 Nd4 29.Qf6+ Kg8 30.e6
fxe6 31.dxe6 Bb7 32.Bxb7 Rxb7 33.e7 Nc2 34.Rf1 1-0

[Event "WA Premier"]
[Site "Redmond"]
[Date "2009.02.14"]
[Round "6"]
[White "MacGregor Michael"]
[Black "Lee Nathan"]
[Result "1-0"]
[WhiteElo "2200"]
[BlackElo "1810"]
[Annotator ""]
[Source ""]
[Remark ""]

1.e4 c5 2.Nf3 Nc6 3.d4 cxd4 4.Nxd4 Nf6 5.Nc3 d6 6.Bc4 e6 7.O-O
Be7 8.Kh1 a6 9.Bb3 Qc7 10.f4 b5 11.f5 Nxd4 12.Qxd4 O-O 13.Bg5
Rd8 14.fxe6 Bxe6 15.Bxf6 Bxf6 16.Rxf6 gxf6 17.Qxf6 Re8 18.Nd5
Bxd5 19.Bxd5 Ra7 20.Rf1 Qe7 21.Qh6 Qf8 22.Qe3 Rae7 23.Rf5 h6
24.h3 Qg7 25.Qf4 Rd8 26.c3 Rdd7 27.h4 Qf8 28.Rf6 Re5 29.Rxh6
Qg7 30.Rf6 Qh7 31.g3 Qg7 32.Kh2 Kf8 33.Kh3 Kg8 34.g4 Kf8 35.g5
Kg8 36.Kg4 Kf8 37.h5 Rxd5 38.exd5 Ke8 39.h6 Qh7 40.g6 fxg6 41.Rf8+ 1-0

[Event "WA Premier"]
[Site "Redmond"]
[Date "2009.02.14"]
[Round "6"]
[White "Xing Kerry"]
[Black "Bartron Paul"]
[Result "1-0"]
[WhiteElo "2027"]
[BlackElo "2131"]
[Annotator ""]
[Source ""]
[Remark ""]

1.d4 d5 2.c4 dxc4 3.Nf3 Nf6 4.e3 c5 5.Bxc4 e6 6.O-O Nc6 7.Nc3
a6 8.Qe2 b5 9.Bb3 Na5 10.Bc2 Bb7 11.Rd1 Qb6 12.e4 cxd4 13.Nxd4
Bc5 14.Nb3 Nxb3 15.axb3 O-O 16.Bg5 e5 17.Rd3 h6 18.Bh4 Bd4 19.Rf3
Nh5 20.b4 Nf4 21.Qe1 g5 22.Bg3 g4 23.Rxf4 exf4 24.Bxf4 Qf6 25.Bg3
Rac8 26.Ra3 Rfe8 27.Qd1 h5 28.h3 Red8 29.Qe2 Qg5 30.h4 Qc1+ 31.Kh2
Qxb2 32.Rb3 Qc1 33.Rb1 Qh6 34.Nd5 Re8 35.Bf4 Be5 36.g3 Bxf4 37.Nxf4
Re5 38.Rd1 Qc6 39.Bb1 Qc4 40.Bd3 Qxb4 41.Nxh5 f5 42.Qa2+ Kf8
43.Nf6 Kg7 44.Nh5+ Kh6 45.exf5 Qe7 46.Nf4 Re1 47.Qd2 Rxd1 48.Qxd1
Qc5 49.Qxg4 Qxf2+ 50.Kh3 1-0

[Event "WA Premier"]
[Site "Redmond"]
[Date "2009.02.14"]
[Round "6"]
[White "Gale Geoffrey"]
[Black "Pupols Viktors"]
[Result "1/2-1/2"]
[WhiteElo "2038"]
[BlackElo "2200"]
[Annotator ""]
[Source ""]
[Remark ""]

1.e4 e5 2.Nf3 Nc6 3.d4 exd4 4.Nxd4 Bc5 5.Nxc6 Qf6 6.Qd2 dxc6
7.Nc3 Bd4 8.Bd3 Ne7 9.O-O Ng6 10.Rb1 Ne5 11.Ne2 Bb6 12.b3 Qe7
13.Bb2 Bd7 14.Qc3 f6 15.a4 Bc5 16.Qd2 Bg4 17.h3 Nxd3 18.cxd3
Bxe2 19.Qxe2 O-O-O 20.Bc3 Bd4 21.Rfc1 g6 22.b4 Qe5 23.Qb2 Rd6
24.Qb3 Rhd8 25.b5 c5 26.a5 Bxc3 27.Rxc3 b6 28.axb6 axb6 29.g3
Qe6 30.Kg2 Qxb3 31.Rbxb3 Rd4 32.Kf3 Ra4 33.h4 Rd6 34.Ke3 Kd7
35.f4 c6 36.bxc6+ Kxc6 37.Ra3 Rdd4 38.Rxa4 Rxa4 39.Rc4 Ra3 40.Rc1
b5 41.Kd2 c4 42.dxc4 b4 43.e5 fxe5 44.fxe5 Rxg3 45.Re1 Kd7 46.Re4
Ke6 47.c5 Rc3 48.Rxb4 Rxc5 49.Rb7 Rd5+ 50.Kc3 Rxe5 51.Rxh7 Rd5
52.Kc4 Ra5 53.Kd4 Kf5 54.Rh6 Ra8 55.Ke3 Rb8 56.Kd4 Re8 57.Kd3
Re1 58.Kd4 Re4+ 59.Kd3 Rg4 60.Ke3 Rg3+ 61.Kf2 Ra3 62.Kg2 Ra6
63.Kg3 Ra3+ 64.Kg2 Rb3 65.Kf2 Rb2+ 66.Kg3 Rb3+ 67.Kf2 Rb2+ 1/2-1/2

[Event "WA Premier"]
[Site "Redmond"]
[Date "2009.02.15"]
[Round "7"]
[White "Bartron Paul"]
[Black "Guo Alex"]
[Result "1-0"]
[WhiteElo "2131"]
[BlackElo "2071"]
[Annotator ""]
[Source ""]
[Remark ""]

1.e4 e6 2.d4 d5 3.Nc3 Bb4 4.Nge2 Nf6 5.Bg5 dxe4 6.a3 Be7 7.Bxf6
gxf6 8.Nxe4 Nc6 9.Qd3 b6 10.Qg3 Kf8 11.O-O-O Bb7 12.Qh3 h5 13.g4
Qd5 14.N2c3 Qa5 15.Qg3 e5 16.d5 Nd4 17.f4 Bxd5 18.Nxd5 Qxd5 19.Nc3
Qa5 20.gxh5 Qc5 21.Rg1 Nf5 22.Qg2 c6 23.Bd3 Ne3 24.Qg7+ Ke8 25.Qxh8+
Bf8 26.Rde1 1-0

[Event "WA Premier"]
[Site "Redmond"]
[Date "2009.02.15"]
[Round "7"]
[White "Cloy Elston"]
[Black "MacGregor Michael"]
[Result "1/2-1/2"]
[WhiteElo "1961"]
[BlackElo "2200"]
[Annotator ""]
[Source ""]
[Remark ""]

1.e4 e5 2.Nf3 Nc6 3.Bb5 a6 4.Ba4 Nf6 5.O-O Be7 6.Re1 b5 7.Bb3
O-O 8.c3 d5 9.exd5 Nxd5 10.Nxe5 Nxe5 11.Rxe5 c6 12.d4 Bd6 13.Re1
Qh4 14.g3 Qh3 15.Be3 Bg4 16.Qd3 Rae8 17.Nd2 Re6 18.a4 Rfe8 19.Bxd5
cxd5 20.axb5 f5 21.Qf1 f4 22.Qxh3 Bxh3 23.bxa6 fxe3 24.Rxe3 Ra8
25.b4 Kf8 26.Nb3 Ke8 27.Nc5 Rxe3 28.fxe3 Bd7 29.e4 Bxc5 30.dxc5
dxe4 31.c4 Be6 32.Re1 Rxa6 33.Rxe4 Kd7 34.Rd4+ Kc8 35.b5 Ra4
36.Rd6 Bxc4 37.b6 Bb5 38.c6 Ba6 39.b7+ Bxb7 40.cxb7+ Kxb7 41.Rd7+
Kc6 42.Rxg7 h5 43.Rg5 h4 44.g4 Ra2 45.Rh5 Kd6 46.Rxh4 Ke5 47.Rh3
Kf4 48.Rg3 Kg5 49.h3 Kh4 50.Rf3 Rb2 1/2-1/2

[Event "WA Premier"]
[Site "Redmond"]
[Date "2009.02.15"]
[Round "7"]
[White "Lee Nathan"]
[Black "Gale Geoffrey"]
[Result "1-0"]
[WhiteElo "1810"]
[BlackElo "2038"]
[Annotator ""]
[Source ""]
[Remark ""]

1.e4 d6 2.d4 Nf6 3.Nc3 g6 4.Be3 c6 5.Qd2 b5 6.f3 Nbd7 7.d5 cxd5
8.Nxd5 a6 9.c4 bxc4 10.Bxc4 Bg7 11.Rc1 O-O 12.Ne2 Ne5 13.Bb3
Nxd5 14.Bxd5 Rb8 15.Rc2 Bd7 16.Nd4 Bb5 17.Nxb5 axb5 18.O-O Nd7
19.b4 Nb6 20.Bb3 Rb7 21.Rfc1 Qb8 22.Bd5 Ra7 23.Rc6 Nxd5 24.Qxd5
Ra3 25.Bf2 Qa8 26.Qxb5 Rxa2 27.Rc7 Ra1 28.Qf1 Ra2 29.b5 Bb2 30.Rb1
d5 31.b6 e6 32.Qb5 Be5 33.Rc5 Rxf2 34.Kxf2 Bd4+ 35.Kf1 Bxc5 36.Qxc5
Qa6+ 37.Kg1 dxe4 38.b7 Rb8 39.fxe4 h5 40.h3 Kh7 41.Qc7 Qa7+ 42.Kh2
Kg7 43.Rf1 Rf8 44.Rd1 Qb8 45.Rd7 Qxc7+ 46.Rxc7 Rb8 47.Kg3 g5
48.Kf3 Kg6 49.Ke3 f5 50.exf5+ Kxf5 51.Rc5+ e5 52.Rb5 g4 53.h4
Ke6 54.Ke4 Kd6 55.g3 Kc6 56.Rxe5 Rxb7 57.Rxh5 1-0

[Event "WA Premier"]
[Site "Redmond"]
[Date "2009.02.15"]
[Round "7"]
[White "Pupols Viktors"]
[Black "Xing Kerry"]
[Result "1/2-1/2"]
[WhiteElo "2200"]
[BlackElo "2027"]
[Annotator ""]
[Source ""]
[Remark ""]

1.d4 f5 2.Bg5 g6 3.Nc3 Bg7 4.e4 fxe4 5.Nxe4 d5 6.Ng3 Nh6 7.Nf3
Nf7 8.Be3 O-O 9.Qd2 c5 10.c3 c4 11.Be2 Nc6 12.O-O b5 13.Bd1 a5
14.a3 Rb8 15.Bf4 Rb6 16.Re1 Re8 17.h3 e5 18.dxe5 Ncxe5 19.Nxe5
Nxe5 20.Bxe5 Rxe5 21.Bf3 Rbe6 22.Rxe5 Rxe5 23.Ne2 Be6 24.Nd4
Bd7 25.Rd1 Qe8 26.Nc2 Be6 27.Ne3 Bh6 28.Nxd5 Bxd2 29.Nf6+ Kf8
30.Nxe8 Re1+ 31.Rxe1 Bxe1 32.Nd6 b4 33.axb4 axb4 34.Be2 bxc3
35.bxc3 Bxc3 36.Bxc4 Ke7 37.Bxe6 Kxd6 38.Bg8 h6 39.Kf1 g5 40.Ke2
Ke5 41.Kf3 Bd4 42.Bf7 Bc5 43.Bg6 Bb6 44.Kg3 Bc5 45.Bc2 Bd4 46.f3
Kf6 47.h4 gxh4+ 48.Kxh4 Be3 49.Kg4 Bd2 1/2-1/2

[Event "WA Premier"]
[Site "Redmond"]
[Date "2009.02.15"]
[Round "8"]
[White "Guo Alex"]
[Black "Pupols Viktors"]
[Result "0-1"]
[WhiteElo "2071"]
[BlackElo "2200"]
[Annotator ""]
[Source ""]
[Remark ""]

1.c4 Nf6 2.Nc3 g6 3.e4 d6 4.g3 Bg7 5.Bg2 c5 6.Nge2 Nc6 7.O-O
O-O 8.d3 Bd7 9.h3 a6 10.Be3 Rb8 11.b3 b5 12.Rc1 b4 13.Nb1 e5
14.f4 Nd4 15.Bxd4 cxd4 16.c5 Bb5 17.a4 bxa3 18.Nxa3 dxc5 19.Rxc5
Qe7 20.b4 Nd7 21.Rd5 Nb6 22.Nxb5 Nxd5 23.exd5 Rxb5 24.Qa4 Qxb4
25.Qxa6 Rb6 26.Qa7 Rbb8 27.Qd7 Qd2 28.Qg4 Qxd3 29.f5 Rb1 30.Be4
Qe3+ 31.Kg2 Rxf1 32.Kxf1 h5 33.Qf3 Qxf3+ 34.Bxf3 gxf5 35.Bxh5
Rd8 0-1

[Event "WA Premier"]
[Site "Redmond"]
[Date "2009.02.15"]
[Round "8"]
[White "Kelley Dereque"]
[Black "Bartron Paul"]
[Result "1/2-1/2"]
[WhiteElo "2121"]
[BlackElo "2131"]
[Annotator ""]
[Source ""]
[Remark ""]

1.d4 d5 2.c4 dxc4 3.Nf3 Nf6 4.e3 c5 5.Bxc4 e6 6.Qe2 a6 7.dxc5
Bxc5 8.O-O O-O 9.a3 b5 10.Ba2 Bb7 11.b4 Ba7 12.Bb2 Qe7 13.Nbd2
Nbd7 14.Rac1 Rac8 15.Bb1 h6 16.Qd3 Rfd8 17.Rxc8 Bxc8 18.Rc1 Bb6
19.Ne4 Bb7 20.Qd6 Qxd6 21.Nxd6 Ba8 22.Nc8 Bc5 23.bxc5 Rxc8 24.Bd4
Bd5 25.Bd3 Bxf3 26.gxf3 e5 27.Bb2 Rxc5 28.Rxc5 Nxc5 29.Bc2 Nfd7
30.Kf1 Kf8 31.Ke2 Ke7 32.f4 exf4 33.Bxg7 h5 34.Bb2 fxe3 35.Kxe3
Nb6 36.Kf4 Nc4 37.Bc1 Kf6 38.h4 a5 39.Be3 Nxe3 40.Kxe3 b4 41.axb4
axb4 42.Kd4 b3 43.Bb1 Ne6+ 44.Kc3 Nf4 45.Kxb3 Ng2 46.Kc3 Nxh4
47.Kd4 Kg5 48.Ke3 f5 49.Ba2 f4+ 50.Ke2 Nf5 51.Bd5 h4 52.Kf1 Kg4
53.Kg2 Nd4 54.f3+ Kg5 55.Kh3 Nf5 56.Be6 Ne7 57.Bd7 Ng8 58.Bb5
Nf6 59.Bc6 Nh7 60.Bd7 Kh5 61.Bg4+ 1/2-1/2

[Event "WA Premier"]
[Site "Redmond"]
[Date "2009.02.15"]
[Round "8"]
[White "MacGregor Michael"]
[Black "Smith Allen"]
[Result "1-0"]
[WhiteElo "2200"]
[BlackElo "2025"]
[Annotator ""]
[Source ""]
[Remark ""]

1.e4 c5 2.Nf3 e6 3.d4 cxd4 4.Nxd4 a6 5.Nc3 Qc7 6.Bd3 Nf6 7.O-O
Bc5 8.Nb3 Be7 9.Qe2 d6 10.Bg5 O-O 11.f4 Nbd7 12.Rae1 b5 13.e5
dxe5 14.fxe5 Bc5+ 15.Nxc5 Qxc5+ 16.Kh1 Nd5 17.Nxd5 exd5 18.e6
fxe6 19.Qxe6+ Kh8 20.Be7 Rxf1+ 21.Rxf1 Qc7 22.Qf7 Bb7 23.Qh5 1-0

[Event "WA Premier"]
[Site "Redmond"]
[Date "2009.02.15"]
[Round "8"]
[White "Lee Nathan"]
[Black "Cloy Elston"]
[Result "1/2-1/2"]
[WhiteElo "1810"]
[BlackElo "1961"]
[Annotator ""]
[Source ""]
[Remark ""]

1.e4 e5 2.Nf3 Nc6 3.Bb5 a6 4.Ba4 Nf6 5.O-O Be7 6.Re1 b5 7.Bb3
d6 8.c3 O-O 9.h3 Bb7 10.d4 Re8 11.Nbd2 Bf8 12.d5 Ne7 13.Nf1 g6
14.Bg5 Bg7 15.Qd2 Rf8 16.Rad1 Kh8 17.Bc2 Bc8 18.N3h2 Nfg8 19.Be3
f5 20.f4 fxe4 21.fxe5 dxe5 22.Bc5 Nf6 23.b3 Re8 24.c4 Nf5 25.g4
Nd4 26.Bxe4 Nxe4 27.Rxe4 bxc4 28.bxc4 c6 29.d6 {%04d} Be6 30.Bxd4
exd4 31.c5 Bf7 32.Rxe8+ Qxe8 33.Re1 Qf8 34.Re7 Bf6 35.Re1 Qg8
36.a3 Bc4 37.g5 Bg7 38.h4 Qd5 39.Qb4 Bxf1 40.Nxf1 Qf3 41.Re7
Qg4+ 42.Kh1 Qxh4+ 43.Nh2 Rf8 44.Qe1 Qxg5 45.Qe6 Qc1+ 46.Kg2 Qxc5
47.Re8 Qg5+ 48.Kh1 Qc1+ 49.Kg2 Qg5+ 50.Kh1 Qc1+ 51.Kg2 {%30^030} 1/2-1/2

[Event "WA Premier"]
[Site "Redmond"]
[Date "2009.02.15"]
[Round "8"]
[White "Gale Geoffrey"]
[Black "Xing Kerry"]
[Result "0-1"]
[WhiteElo "2038"]
[BlackElo "2027"]
[Annotator ""]
[Source ""]
[Remark ""]

1.e4 e6 2.d4 d5 3.e5 c5 4.c3 Nc6 5.Nf3 Qb6 6.a3 c4 7.Nbd2 f6
8.Be2 fxe5 9.Nxe5 Nxe5 10.dxe5 Ne7 11.Bxc4 Nc6 12.Bd3 Nxe5 13.Qh5+
Nf7 14.O-O g6 15.Qe2 Bd7 16.c4 O-O-O 17.Nf3 Bg7 18.cxd5 exd5
19.Bf4 Rhe8 20.Rac1+ Bc6 21.Qd2 Qxb2 22.Rc2 Qb6 23.Rxc6+ bxc6
24.Rb1 Qc5 25.Rb8+ Kd7 26.Rb7+ Ke6 27.Ng5+ Nxg5 28.Bxg5 Qc3 29.Qxc3
Bxc3 30.Bxd8 Rxd8 31.Rxh7 g5 32.Rh6+ Bf6 33.Rh3 c5 34.Re3+ Kd6
35.Bf5 Be5 36.g3 c4 37.h4 gxh4 38.gxh4 d4 39.Re4 Kd5 40.f4 Bf6
41.h5 d3 42.Kf1 c3 43.Re3 Kc4 44.Re4+ Kb3 45.Rb4+ Kxa3 46.Rb7
c2 47.Rxa7+ Kb2 48.Rb7+ Ka1 49.Rc7 Kb1 50.Kf2 c1Q 0-1